000 01019nam a22002297a 4500
999 _c57992
_d57992
005 20210416173607.0
008 210416c2019 enk||||| |||| 00| 0 eng d
022 _a 0022281X
041 _aeng
245 _ajml :
_bJournal of Modern Literature /
_c Editors: Robert L. Caserio, Paula Marantz Cohen, Janet Lyon, Daniel T. O'Hara, Jean-Michel Rabaté and Jennifer Yusin.
260 _aUSA :
_bIndiana University Press,
_c2019.
300 _aV.
653 _a Journal of Modern Literature
653 _aთანამედროვე ლიტერატურის ჟურნალი
653 _aპერიოდიკა
700 _a Caserio, Robert L
_eრედაქტორი
_911434
700 _aCohen, Paula Marantz
_eრედაქტორი
_93214
700 _aJanet Lyon, Daniel T
_eრედაქტორი
_93215
700 _aO'Hara, Jean-Michel Rabaté
_eრედაქტორი
_93216
700 _aYusin, Jennifer
_eრედაქტორი
_93217
942 _2udc
_cCR